Sistema Alvarez: Aritmética elemental: La formación i valor de los números i las cuatro operaciones de enteros, quebrados, decimales i complejos.

Gespeichert in:
Bibliographische Detailangaben
1. Verfasser: Álvarez, Manuel
Format: Buch
Sprache:Spanisch
Erschienen: santiago Imprenta Universitaria 1912
Katalog:MANES:  Suchergebnis im Bibliothekskatalog
Schulbuchspezifische Eigenschaften:
Tags: Tag hinzufügen
Keine Tags, Fügen Sie den ersten Tag hinzu!
Hinzugefügt zu:22.11.2020
Geändert in:25.04.2025

MARC

LEADER 00000nam a22000007a 4500
005 20250425101505.0
008 201123b ||||| |||| 00| 0 spa d
040 |a MGM 
561 |5 cl-MGM  |3 T 372.7 A473a 1912  |a Chile. Museo Gabriela Mistral  |k MANES 
999 |c 91096  |d 91096 
100 |9 35392  |a Álvarez, Manuel  
245 |a Sistema Alvarez: Aritmética elemental: La formación i valor de los números i las cuatro operaciones de enteros, quebrados, decimales i complejos. 
260 |a santiago  |b Imprenta Universitaria  |c 1912 
300 |a 82 p.  |c 18,4 x 12,7 cm. 
546 |a chile  
690 0 |a MATE 
691 |a PRI  |a SE 
942 |2 ddc  |c BK 
999 |c manes:91096  |d 91096